[Event "BRA Cup para DV"]
[Site "Sao Caetano do Sul"]
[Date "2013.12.07"]
[Round "7"]
[White "Lopes, Davi De Souza"]
[Black "Silva, Rodrigo Souza"]
[Result "0-1"]
[WhiteElo "1884"]
[BlackElo "1875"]
[PlyCount "46"]
[EventDate "2013.12.04"]
[EventType "tourn"]
[EventRounds "9"]
[EventCountry "BRA"]
[SourceTitle "EXT 2016"]
[Source "ChessBase"]
[SourceDate "2015.10.08"]
[SourceVersion "1"]
[SourceVersionDate "2015.10.08"]
[SourceQuality "1"]

1. e4 c5 2. Nf3 g6 3. d4 cxd4 4. Nxd4 Bg7 5. Be3 Nf6 6. Nc3 Nc6 7. Bc4 Qa5 8. Nb3 Qb4 9. Qd3 Ne5 10. Qd4 Nxc4 11. a3 Nxe3 12. Qxe3 Qb6 13. Qe2 d6 14. 0-0 Be6 15. Rfe1 Bxb3 16. cxb3 0-0 17. b4 Rac8 18. e5 dxe5 19. Qxe5 Qxf2+ 20. Kh1 Ng4 21. Qg5 Qd4 22. Ne4 Nf2+ 23. Nxf2 Qxf2 0-1

[Event "Belo Horizonte 2nd"]
[Site "Belo Horizonte"]
[Date "2010.01.15"]
[Round "7.4"]
[White "Lopes, Davi De Souza"]
[Black "Lucena Vaz, Jose"]
[Result "1-0"]
[WhiteElo "1884"]
[BlackElo "1674"]
[PlyCount "47"]
[EventDate "2010.01.12"]
[EventType "tourn"]
[EventRounds "11"]
[EventCountry "BRA"]
[SourceTitle "EXT 2022"]
[Source "ChessBase"]
[SourceDate "2021.10.06"]
[SourceVersion "1"]
[SourceVersionDate "2021.10.06"]
[SourceQuality "1"]

1. e4 g6 2. d4 Bg7 3. Bf4 d6 4. Nf3 Nd7 5. Bc4 e6 6. Ng5 Qf6 7. Be3 e5 8. Nxf7 exd4 9. Bg5 Qxg5 10. Nxg5 Nh6 11. Ne6 c6 12. Nxg7+ Ke7 13. Qd2 Ng4 14. Qg5+ Ndf6 15. Nd2 Ne5 16. 0-0-0 Bd7 17. f4 Neg4 18. e5 d5 19. exf6+ Kf7 20. Bxd5+ cxd5 21. Qxd5+ Kxf6 22. Qxd7 Nf2 23. Rde1 Rad8 24. Qe7# 1-0

[Event "Belo Horizonte 2nd"]
[Site "Belo Horizonte"]
[Date "2010.01.13"]
[Round "3.6"]
[White "Lopes, Davi De Souza"]
[Black "De Lima, Alisson Pinto"]
[Result "1-0"]
[WhiteElo "1884"]
[BlackElo "1846"]
[PlyCount "105"]
[EventDate "2010.01.12"]
[EventType "tourn"]
[EventRounds "11"]
[EventCountry "BRA"]
[SourceTitle "EXT 2022"]
[Source "ChessBase"]
[SourceDate "2021.10.06"]
[SourceVersion "1"]
[SourceVersionDate "2021.10.06"]
[SourceQuality "1"]

1. d4 Nf6 2. c4 g6 3. Nc3 Bg7 4. e4 d6 5. Nf3 0-0 6. Be2 Nc6 7. d5 Ne5 8. Nxe5 dxe5 9. 0-0 e6 10. Qb3 exd5 11. cxd5 Ne8 12. Rd1 Nd6 13. Be3 Kh8 14. Rac1 f5 15. f3 f4 16. Bf2 a6 17. Na4 b6 18. Nc3 Bd7 19. a4 g5 20. Na2 a5 21. Nc3 h5 22. h3 Qe8 23. Nb5 Bxb5 24. axb5 Rc8 25. Qa4 Qg6 26. Rc6 Bf6 27. Rdc1 g4 28. fxg4 Rg8 29. g5 Qxg5 30. Bf3 Qg7 31. Qb3 Nb7 32. Bxb6 Qg3 33. Bf2 Qg5 34. Rxc7 a4 35. Qa2 Nd6 36. b6 Rb8 37. Qxa4 Bd8 38. Rd7 Bxb6 39. Bxb6 Rxb6 40. Qa7 Rb7 41. Rxb7 Nxb7 42. Qxb7 Qg3 43. Qb6 Rg6 44. Rc8+ Kh7 45. Qc7+ Rg7 46. Qc3 Qxh3 47. Rc7 Qg3 48. Kf1 h4 49. Qxe5 Rxc7 50. Qxc7+ Kh8 51. Qc8+ Kh7 52. Qg4 Qh2 53. Qh3 1-0